| 000 | 00370pam a2200157a 44500 | ||
|---|---|---|---|
| 008 | 230515b2013 xxu||||| |||| 00| 0 eng d | ||
| 020 | _aNULL | ||
| 041 | _aENGLISH | ||
| 082 | _a617.695/BHA | ||
| 100 | _aSHAM BHATT | ||
| 245 | _aSCIENCE OF DENTAL MATERIALS CLINICAL APPLICATION | ||
| 250 | _a2ND | ||
| 260 |
_a _bC B S PUB _c2013 |
||
| 300 | _a362 | ||
| 650 | _aNULL | ||
| 999 |
_c563517 _d563517 |
||